000 00281nam a22001097a 4500
008 230620b xxu||||| |||| 00| 0 eng d
082 _a328.
_bBEN 1951
245 _aThe Theory of Legislation
260 _aLondon
_bRoutledge & Kegan Paul Ltd
_c1951
300 _a555p
942 _2ddc
_cBK
999 _c1937
_d1937